Genro of Imperial Japan - Statistics

General Stats
  • This quiz has been taken 9 times
    6 since last reset
  • The average score is 6 of 9
Answer Stats
Picture Hint Answer % Correct
Choshu 1841-1909 Ito Hirobumi
100%
Choshu 1838-1922 Yamagata Aritomo
80%
Choshu 1836-1915 Inoue Karoru
60%
Choshu 1848-1913 Katsura Taro
60%
Satsuma 1840-1900 Kuroda Kiyotaka
60%
Satsuma 1835-1924 Matsukata Masayoshi
60%
Satsuma 1842-1916 Oyama Iwao
60%
Satsuma 1843-1902 Saigo Tsugumichi
60%
Kyoto 1849-1940 Saionji Kinmochi
60%
No matching quizzes found
Score Distribution
Percent of People with Each Score
Percentile by Number Answered
Your Score History
You have not taken this quiz since the last reset